00506nam a22001697a 450000500170000001000150001702000260003203500140005803700130007208200080008510000170009324501000011026000360021027000460024630000250029270000190031720170927104503.0 aENG-120738 a9789350724149c250.00 aEN-104270 bDBAD/PUB a881 aKant, Shachi aThe battle rouale :cby Shachi Kant [and] Raman P. Singhbkurukshetra Ramdhari Singh 'Dinkar' / aNew DelhibVani Prakashanc201? a4695, 21-A, Daryaganj,bNew Delhie110002 axvi,142p.b22cm(Hb). aRaman P. Singh